<A> Primer in Econometric Theory

Salvato in:
Dettagli Bibliografici
Autore principale: Stachurski, John
Natura: Libro
Lingua:inglese
Pubblicazione: Cambridge <The> MIT Press 2016
Soggetti:
Tags: Aggiungi Tag
Nessun Tag, puoi essere il primo ad aggiungerne!!

MARC

LEADER 00000nam a2200000 4500
001 0264858
005 20240306140413.5
020 |a 9780262034906 
020 |a 978-0-262-03490-6 
041 0 |a eng 
044 |a US 
245 1 0 |a <A> Primer in Econometric Theory  |c John Stachurski 
264 1 |a Cambridge  |b <The> MIT Press  |c 2016 
300 |a 430 s. 
610 2 0 |a ekonometria 
610 2 0 |a teória ekonomická matematická 
610 2 0 |a modely ekonomicko-matematické 
610 2 0 |a modelovanie ekonometrické 
610 2 0 |a metódy štatistické 
610 2 0 |a odhad štatistický 
610 2 0 |a regresia 
100 1 |a Stachurski, John